00421nam a2200169Ia 4500003000400000008004100004040001600045082001700061100001700078245005600095260004200151300001100193650001500204650001200219650001000231650001000241GCL140319s9999 xx 000 0 eng d aGCL / cGCL04a632.774bA F1 aALUJA, PABLO10aFRUIT FLIES: BIOLOGY AND MANGEMENT / cALUJA, PABLO a[S.N] : bSPRINGER - VERLAG ، c1990 a492 PP04aCONGRESSES04aCONTROL04aFRUIT04aFLIES